000 00673nam a2200277Ia 4500
005 20260324143853.0
008 008 260324s9999 xx 000 0 eng d
020 _a9781315067353
037 _aEBOOK
040 _aCRL
040 _beng
040 _cCRL
041 _2eng
041 _aeng
084 _qCRL
100 _a Concha Delgado-Gaitan University of California, Davis, USA.
_91217238
245 0 _aLiteracy For Empowerment
260 _bTaylor and Francis
260 _c1990
365 _a
365 _b205
856 _uhttp://www.taylorfrancis.com/books/9781315067353
942 _cEBOOK
999 _c1823142
_d1823142